| 000 | 00699nam a22001817a 4500 | ||
|---|---|---|---|
| 005 | 20230905151945.0 | ||
| 010 | _aHIN-125817 | ||
| 020 |
_c200.00 _a9788194572268 |
||
| 035 | _aHN-98163 | ||
| 037 | _bDBAD/PUB. | ||
| 082 | _a808.88 | ||
| 100 |
_aझा, परमेश्वर _955940 |
||
| 245 |
_aलाम / _cपरमेश्वर झा |
||
| 260 |
_aमधुबनी _bनवारम्भ _c2020 |
||
| 270 |
_bमधुबनी _e847211 _aश्री भवन वार्ड न 2 निकट राम जानकी मंदिर _k847211 |
||
| 300 |
_a104पृ. _c22 से.मी.(अजिल्द) |
||
| 942 |
_2ddc _cHN _mझापर _h808.88 |
||
| 999 |
_c197844 _d197844 |
||